[Event "World Youth Girl U14 2016"]
[Site "Khanty-Mansiysk RUS"]
[Date "2016.09.28"]
[Round "6.18"]
[White "Ulziikhishigjargal, Ochirkhuyag"]
[Black "Bellahcene, Meriem"]
[Result "1-0"]
[WhiteElo "1888"]
[BlackElo "1729"]
[WhiteFideId "4903188"]
[BlackFideId "20655347"]
[EventDate "2016.09.22"]

1. e4 c5 2. Nf3 Nc6 3. d4 cxd4 4. Nxd4 g6 5. Nc3 Bg7 6. Be3 Nf6 7. Bc4 Qa5 8.
O-O O-O 9. Bb3 d6 10. Nd5 Qd8 11. Nxf6+ Bxf6 12. c3 Bg7 13. f4 Na5 14. Bd5 e6
15. Bb3 Nxb3 16. axb3 d5 17. Nb5 Bd7 18. Nxa7 dxe4 19. Qd6 Re8 20. Rad1 Bc6 21.
Nxc6 Qxd6 22. Rxd6 bxc6 23. Rfd1 Rec8 24. Rd7 Bf6 25. g4 Rd8 26. g5 Rxd7 27.
Rxd7 Bg7 28. Kf2 h6 29. Ba7 hxg5 30. fxg5 Be5 31. Ke3 Bxh2 32. Kxe4 e5 33. Bc5
Kg7 34. Be7 Bf4 35. Bf6+ Kf8 36. Rc7 Ke8 37. b4 Ra2 38. Re7+ Kf8 39. Rd7 Ra8 40.
Rc7 Bc1 41. Rxc6 Bxb2 42. Rc7 Bc1 43. Kd5 Re8 44. Ke4 Bd2 45. b5 Rb8 46. b6 Bxg5
47. b7 Bxf6 48. Rc8+ 1-0

[Event "World Youth Girl U14 2016"]
[Site "Khanty-Mansiysk RUS"]
[Date "2016.09.28"]
[Round "6.19"]
[White "Bechvaia, Maia"]
[Black "Tomcikova, Dominika"]
[Result "1/2-1/2"]
[WhiteElo "1848"]
[BlackElo "1713"]
[WhiteFideId "13613294"]
[BlackFideId "14935554"]
[EventDate "2016.09.22"]

1. e4 c6 2. d4 d5 3. e5 Bf5 4. Nf3 e6 5. Bd3 Bxd3 6. Qxd3 Qa5+ 7. Bd2 Qa6 8.
Qxa6 Nxa6 9. O-O c5 10. Nc3 Ne7 11. dxc5 Nc6 12. a3 Nxc5 13. Rfe1 Be7 14. b4 Nd7
15. b5 Nd8 16. a4 O-O 17. a5 a6 18. Reb1 axb5 19. Rxb5 Ra6 20. Na4 Rc6 21. Bc3
f6 22. exf6 Nxf6 23. Nd4 Rc7 24. f3 Nd7 25. Re1 Nc5 26. Nxc5 Bxc5 27. Ba1 1/2-1/2

[Event "World Youth Girl U14 2016"]
[Site "Khanty-Mansiysk RUS"]
[Date "2016.09.28"]
[Round "6.20"]
[White "Smbatyan, Qristine"]
[Black "Vanduyfhuys, Daria"]
[Result "0-1"]
[WhiteElo "1506"]
[BlackElo "1810"]
[WhiteFideId "13308319"]
[BlackFideId "246336"]
[EventDate "2016.09.22"]

1. e4 c5 2. Nc3 e6 3. g3 d5 4. exd5 exd5 5. d4 Nf6 6. Bg2 Be6 7. Nge2 Be7 8. O-O
Nc6 9. Bf4 O-O 10. Nb5 Rc8 11. dxc5 Bxc5 12. c3 Qb6 13. Qd3 Ng4 14. Nbd4 Nge5
15. Qb5 Nxd4 16. Nxd4 Bxd4 17. Qxb6 axb6 18. cxd4 Nd3 19. b3 Nxf4 20. gxf4 Rc2
21. Rfe1 g6 22. Bf1 Rfc8 23. Bd3 Rb2 24. Kf1 Bh3+ 25. Kg1 Rc3 26. Re3 Be6 27. h4
Rd2 28. Bf1 Rcc2 29. a4 Rxf2 30. a5 bxa5 31. Rxa5 Rxf4 32. h5 Rc1 33. h6 Rfxf1+
34. Kg2 Rg1+ 35. Kf2 Kf8 0-1

[Event "World Youth Girl U14 2016"]
[Site "Khanty-Mansiysk RUS"]
[Date "2016.09.28"]
[Round "6.21"]
[White "Tharushi, T H D Niklesha"]
[Black "Nestorovic, Katarina"]
[Result "1/2-1/2"]
[WhiteElo "1584"]
[BlackElo "2017"]
[WhiteFideId "9918264"]
[BlackFideId "954632"]
[EventDate "2016.09.22"]

1. d4 Nf6 2. c4 e6 3. Nf3 Bb4+ 4. Bd2 Qe7 5. g3 Nc6 6. Bg2 Bxd2+ 7. Nbxd2 O-O 8.
O-O d6 9. e4 e5 10. d5 Nb8 11. Ne1 Nbd7 12. Nd3 a5 13. b3 Re8 14. Re1 Nf8 15.
Nf1 g6 16. a3 Bd7 17. b4 Ra7 18. Qc2 Rea8 19. Qc3 h5 20. b5 N8h7 21. f4 Re8 22.
fxe5 dxe5 23. a4 Ng5 24. Rab1 Bh3 25. Qd2 Bxg2 26. Qxg5 Bxf1 27. Rxf1 Nd7 28.
Qe3 Raa8 29. c5 Nf6 30. h3 Kg7 31. Rf3 Nh7 32. h4 Rf8 33. Rbf1 Rae8 34. Qf2 f6
35. Qd2 Ra8 36. Nb2 Qxc5+ 37. Kh2 b6 38. Rc1 Qe7 39. Rc6 Rfd8 40. Rfc3 Ra7 41.
Nc4 Nf8 42. d6 cxd6 43. Nxb6 Qe6 44. Rc7+ Rxc7 45. Rxc7+ Nd7 46. Qd5 Qg4 1/2-1/2

[Event "World Youth Girl U14 2016"]
[Site "Khanty-Mansiysk RUS"]
[Date "2016.09.28"]
[Round "6.22"]
[White "Yapa Bandara, Chamodya"]
[Black "Filippova, Darya"]
[Result "0-1"]
[BlackTitle "WFM"]
[WhiteElo "1582"]
[BlackElo "1888"]
[WhiteFideId "9914706"]
[BlackFideId "24173738"]
[EventDate "2016.09.22"]

1. e4 e5 2. Nf3 Nf6 3. d4 d5 4. Nxe5 Nxe4 5. Bd3 Nc6 6. Nxc6 bxc6 7. Bxe4 dxe4
8. Bf4 Bd6 9. Bg3 f5 10. Qd2 O-O 11. Bxd6 cxd6 12. d5 Ba6 13. Qd4 Qg5 14. Nd2
Qg4 15. c4 Rae8 16. h3 Qxg2 17. O-O-O c5 18. Qc3 Qg5 19. Rdg1 Qf6 20. Qa5 Bc8
21. Qxa7 f4 22. f3 Bf5 23. fxe4 Bxe4 24. Rh2 Bg6 25. Qa4 Ra8 26. Qd1 Rxa2 27.
Nb3 Rfa8 28. Rxg6 Qxg6 29. Qe2 Re8 30. Qf1 Qg3 31. Re2 Rxe2 32. Qxe2 Qe3+ 33.
Qd2 Ra4 34. Qxe3 fxe3 35. Kc2 Rxc4+ 36. Kd3 Rb4 37. Na5 Rxb2 38. Kxe3 Kf7 39.
Nc4 Rb3+ 40. Kf2 Ke7 41. Ne3 Rxe3 42. Kxe3 Kf6 0-1

[Event "World Youth Girl U14 2016"]
[Site "Khanty-Mansiysk RUS"]
[Date "2016.09.28"]
[Round "6.23"]
[White "Koubova, Anna Marie"]
[Black "Akulova, Alicia"]
[Result "0-1"]
[WhiteElo "1822"]
[BlackElo "1563"]
[WhiteFideId "381470"]
[BlackFideId "242861"]
[EventDate "2016.09.22"]

1. d4 Nf6 2. c4 g6 3. g3 c6 4. Bg2 d5 5. Nf3 dxc4 6. Ne5 Be6 7. Na3 Bd5 8. f3 b5
9. O-O Nfd7 10. e4 Be6 11. f4 Nxe5 12. fxe5 Bg7 13. d5 Qb6+ 14. Kh1 Bc8 15. d6
O-O 16. dxe7 Re8 17. Bg5 Be6 18. Qf3 Nd7 19. Bf6 Nxe5 20. Qf4 Nd3 21. Qh4 Nf2+
22. Rxf2 Qxf2 23. Bxg7 Kxg7 24. Rb1 Qc5 25. e5 Bd5 26. Qf6+ Kg8 27. Bxd5 Qxd5+
28. Kg1 Qc5+ 29. Qf2 Qxf2+ 30. Kxf2 Rxe7 31. Nc2 c5 32. b4 Rxe5 0-1

[Event "World Youth Girl U14 2016"]
[Site "Khanty-Mansiysk RUS"]
[Date "2016.09.28"]
[Round "6.24"]
[White "Nayberg, Simona"]
[Black "Skaslien, Ingrid"]
[Result "1-0"]
[WhiteElo "1807"]
[BlackElo "1588"]
[WhiteFideId "2075180"]
[BlackFideId "1520660"]
[EventDate "2016.09.22"]

1. e4 b6 2. d4 Bb7 3. Bd3 Nf6 4. Nc3 e6 5. a3 c5 6. Nf3 cxd4 7. Nxd4 Nc6 8. Nf3
d5 9. Qe2 dxe4 10. Nxe4 Be7 11. O-O Qc7 12. Bg5 Nxe4 13. Bxe4 Bxg5 14. Nxg5 h6
15. Qh5 O-O 16. Rfe1 Qe7 17. Nh3 Qc5 18. Qh4 Rad8 19. Rad1 Rd6 20. b4 Qc3 21.
Bd3 Rd4 22. Qg3 Kh8 23. Qc7 Ba8 24. b5 Qxa3 25. bxc6 Qc5 26. Be4 b5 27. Bf3 Qc3
28. Qxa7 Rfd8 29. Qa1 Rxd1 30. Rxd1 Rxd1+ 31. Qxd1 Bxc6 32. Bxc6 Qxc6 33. Qd8+
Kh7 34. Qd3+ g6 35. Nf4 e5 36. Nd5 Qa6 37. h4 Qa1+ 38. Kh2 Qa4 39. Qg3 Qd4 40.
Ne3 f5 41. h5 g5 1-0

[Event "World Youth Girl U14 2016"]
[Site "Khanty-Mansiysk RUS"]
[Date "2016.09.28"]
[Round "6.25"]
[White "Gomes, Maria Eduarda"]
[Black "Barmagambetova, Sakypzhama"]
[Result "0-1"]
[WhiteElo "1569"]
[BlackElo "1744"]
[WhiteFideId "2158957"]
[BlackFideId "13723103"]
[EventDate "2016.09.22"]

1. d4 Nf6 2. c4 e6 3. Nf3 d5 4. Nc3 Be7 5. cxd5 exd5 6. Bg5 O-O 7. e3 c6 8. Bd3
Nbd7 9. Qc2 Re8 10. O-O Nf8 11. Rab1 h6 12. Bh4 b6 13. Ne5 Bb7 14. b4 N8d7 15.
Nxd7 Qxd7 16. Bf5 Qd8 17. Rfc1 Nh5 18. Bxe7 Qxe7 19. Qb3 Qg5 20. Qc2 g6 21. Bd3
Bc8 22. Na4 Bh3 23. Bf1 Rac8 24. g3 Bd7 25. Ba6 Rcd8 26. Bd3 Ng7 27. a3 Nf5 28.
Kh1 h5 29. Rg1 Nd6 30. Nc3 Bg4 31. Be2 Bh3 32. Bf1 Bd7 33. Bg2 Bf5 34. e4 dxe4
35. h4 Qf6 36. Qd1 Nc4 37. Qc1 e3 38. Ra1 exf2 39. Rf1 Bd3 40. Rd1 Rxd4 41. a4
Rxh4+ 0-1

[Event "World Youth Girl U14 2016"]
[Site "Khanty-Mansiysk RUS"]
[Date "2016.09.28"]
[Round "6.27"]
[White "Puppi Lazo, Stephanie Beatriz"]
[Black "Gronn, Embla Ekeland"]
[Result "1-0"]
[WhiteElo "1710"]
[BlackElo "1533"]
[WhiteFideId "3826104"]
[BlackFideId "1517600"]
[EventDate "2016.09.22"]

1. e4 c6 2. d4 d5 3. Nc3 dxe4 4. Nxe4 Bf5 5. Ng3 Bg6 6. Bc4 e6 7. N1e2 Bd6 8.
Nf4 Qc7 9. Nxg6 hxg6 10. c3 Bxg3 11. fxg3 Rxh2 12. Kf2 Rxh1 13. Qxh1 Qe7 14. Qh8
Qf8 15. Bf4 Nd7 16. Re1 O-O-O 17. Qh4 Ngf6 18. g4 Nb6 19. Bb3 Nbd5 20. Bh2 Qe7
21. g5 Ne8 22. c4 Nb6 23. Kf1 Qb4 24. Qf4 Nxc4 25. Qxf7 Ned6 26. Qxe6+ Kb8 27.
Bxc4 b5 28. Bb3 Qxd4 29. Bxd6+ Rxd6 30. Qe8+ Kc7 31. Re7+ Kb6 32. Qb8+ Ka6 33.
Rxa7+ Qxa7 34. Qxd6 1-0

[Event "World Youth Girl U14 2016"]
[Site "Khanty-Mansiysk RUS"]
[Date "2016.09.28"]
[Round "6.28"]
[White "Oberholzer, Imarie"]
[Black "Plaza Reino, Mercedes"]
[Result "1/2-1/2"]
[WhiteTitle "WFM"]
[WhiteElo "1512"]
[BlackElo "1665"]
[WhiteFideId "14306506"]
[BlackFideId "24511951"]
[EventDate "2016.09.22"]

1. e4 c5 2. Nc3 e6 3. f4 Nc6 4. Nf3 d5 5. Bb5 Ne7 6. d3 d4 7. Bxc6+ Nxc6 8. Ne2
Be7 9. O-O O-O 10. Ng3 f6 11. f5 Bd6 12. Qe1 Qc7 13. fxe6 Bxg3 14. Qxg3 Qxg3 15.
hxg3 Bxe6 16. Bf4 Rad8 17. a3 h6 18. Rae1 Bg4 19. e5 g5 20. Bd2 Bxf3 21. e6 Bxg2
22. Kxg2 Rde8 23. b4 b6 24. bxc5 bxc5 25. c3 Re7 26. Rf5 Na5 27. cxd4 Nb3 28.
Bc3 Nxd4 29. Rxc5 Nxe6 30. Rc6 Rfe8 31. Bb4 Nf4+ 32. gxf4 Rxe1 33. Bxe1 Rxe1 34.
fxg5 fxg5 35. Rxh6 Kg7 36. Rd6 Re7 37. Kf3 Kf7 1/2-1/2

[Event "World Youth Girl U14 2016"]
[Site "Khanty-Mansiysk RUS"]
[Date "2016.09.28"]
[Round "6.29"]
[White "Alekseenko, Mariya"]
[Black "Ebeling, Mariela"]
[Result "1-0"]
[WhiteElo "1643"]
[BlackElo "1459"]
[WhiteFideId "44172729"]
[BlackFideId "508080"]
[EventDate "2016.09.22"]

1. c4 e5 2. Nc3 Nc6 3. e4 Nf6 4. d3 Bb4 5. Ne2 d6 6. h3 Be6 7. a3 Bxc3+ 8. bxc3
h6 9. g3 Nd7 10. Bg2 Nb6 11. O-O O-O 12. f4 f5 13. exf5 Bxf5 14. g4 Bd7 15. f5
a5 16. Be3 Be8 17. Ng3 Nd7 18. Ne4 Nf6 19. Nxf6+ Qxf6 20. Qd2 Qd8 21. Rf2 Qd7
22. Raf1 h5 23. Qe2 hxg4 24. Qxg4 Ne7 25. Bg5 c6 26. Bxe7 Qxe7 27. f6 Qc7 28.
Be4 Rf7 29. Qh4 g6 30. Bxg6 Rd7 31. Bf5 Rf7 32. Rg2+ 1-0

[Event "World Youth Girl U14 2016"]
[Site "Khanty-Mansiysk RUS"]
[Date "2016.09.28"]
[Round "6.30"]
[White "Marais, Nina"]
[Black "Pandey, Ritika"]
[Result "0-1"]
[WhiteTitle "WCM"]
[WhiteElo "1544"]
[BlackElo "1641"]
[WhiteFideId "14306883"]
[BlackFideId "30903670"]
[EventDate "2016.09.22"]

1. d4 Nf6 2. Nf3 e6 3. c4 c5 4. d5 exd5 5. cxd5 d6 6. Nc3 g6 7. e4 Bg7 8. Be2
O-O 9. O-O Re8 10. Nd2 Nbd7 11. Qc2 Ne5 12. Nc4 Bg4 13. Nxe5 Rxe5 14. Bxg4 Nxg4
15. f3 Nf6 16. Bf4 Re8 17. Nb5 Nh5 18. Nxd6 Nxf4 19. Nxe8 Qxe8 20. Qxc5 Bd4+ 21.
Qxd4 Ne2+ 22. Kh1 Nxd4 0-1

[Event "World Youth Girl U14 2016"]
[Site "Khanty-Mansiysk RUS"]
[Date "2016.09.28"]
[Round "6.31"]
[White "Mairambekova, Aiperi"]
[Black "Beshukova, Alina"]
[Result "0-1"]
[WhiteElo "1329"]
[BlackElo "1820"]
[WhiteFideId "13801511"]
[BlackFideId "24164828"]
[EventDate "2016.09.22"]

1. e4 e5 2. Nf3 Nc6 3. Bb5 g6 4. O-O Bg7 5. c3 a6 6. Ba4 Nge7 7. d4 exd4 8. cxd4
b5 9. Bb3 Na5 10. Bc2 d6 11. Re1 Bg4 12. Be3 Nc4 13. b3 Nxe3 14. fxe3 c5 15. Rf1
cxd4 16. exd4 Qb6 17. Nc3 O-O 18. Ne2 Nc6 19. Kh1 Bxf3 20. Rxf3 Nxd4 21. Nxd4
Bxd4 22. Rc1 Rac8 23. Rd3 Be5 24. Bb1 Bf4 25. Rc2 Be5 26. Qc1 Qb7 27. Rh3 Rxc2
28. Qxc2 Rc8 29. Qd2 Qc6 30. Qd1 Qc1 31. Rd3 Qh6 0-1

[Event "World Youth Girl U14 2016"]
[Site "Khanty-Mansiysk RUS"]
[Date "2016.09.28"]
[Round "6.32"]
[White "Nasybullina, Dayana"]
[Black "Parhomenko, Anastasija"]
[Result "1-0"]
[WhiteElo "1622"]
[BlackElo "1506"]
[WhiteFideId "34127280"]
[BlackFideId "11606185"]
[EventDate "2016.09.22"]

1. f4 e6 2. Nf3 d5 3. e3 Nf6 4. b3 Nbd7 5. Bb2 c5 6. Bb5 a6 7. Bxd7+ Bxd7 8. d3
Bd6 9. Nbd2 Bc8 10. O-O b5 11. Ne5 Bb7 12. Ndf3 h6 13. Qe1 Rc8 14. Qg3 Bf8 15.
Nxf7 Kxf7 16. f5 d4 17. Ne5+ Kg8 18. fxe6 Rc7 19. Nf7 Rxf7 20. exf7+ Kxf7 21. e4
Kg8 22. Qg6 Qe7 23. Rf2 Bc6 24. Raf1 Be8 25. Qg3 Kh7 26. c3 Qe6 27. cxd4 Be7 28.
d5 Qg4 29. Qxg4 Nxg4 30. Re2 Nf6 31. Be5 Bh5 32. Ree1 Nd7 33. Bg3 Re8 34. e5 Bg5
35. e6 Nb6 36. d6 Bd2 37. Re5 Bg6 38. d7 Rg8 39. Re2 Bg5 40. Rfe1 Be7 1-0

[Event "World Youth Girl U14 2016"]
[Site "Khanty-Mansiysk RUS"]
[Date "2016.09.28"]
[Round "6.33"]
[White "Makarova, Anastasiya"]
[Black "Bitkova, Elizavetta"]
[Result "1-0"]
[WhiteElo "1471"]
[BlackElo "1415"]
[WhiteFideId "54102731"]
[BlackFideId "4506014"]
[EventDate "2016.09.22"]

1. d4 d5 2. e3 Nf6 3. f4 Nc6 4. Bd3 Nb4 5. c3 Nxd3+ 6. Qxd3 e6 7. Nd2 Bd6 8.
Ngf3 b6 9. O-O O-O 10. Ne5 Bb7 11. Rf3 Ne4 12. Rh3 c5 13. Nxe4 dxe4 14. Qe2 Bxe5
15. fxe5 Qg5 16. Bd2 f6 17. Rg3 Qh6 18. dxc5 bxc5 19. Qb5 Bd5 20. c4 a6 21. Qa4
Bb7 22. Bc3 f5 23. Bd2 Rad8 24. Qc2 Rd3 25. Rf1 Rfd8 26. Rf2 Qh5 27. Rh3 Qe8 28.
Re2 Qd7 29. Ba5 Rf8 30. Rd2 f4 31. Rxd3 exd3 32. Qd2 fxe3 33. Rxe3 Qf7 34. Qe1
Qg6 35. Rg3 Qe4 36. Qxe4 Bxe4 37. Re3 Bg6 38. Rf3 Rb8 39. b3 Rb7 40. Rf1 Bh5 41.
Rf2 Be2 42. Bd2 Ra7 43. Ba5 Rd7 44. Bd2 Rd4 45. Rf4 Rd7 46. Kf2 a5 47. Ke1 Rd8
48. Bxa5 Ra8 49. b4 g5 50. Rf6 cxb4 51. Bxb4 Rxa2 52. Rxe6 Ra1+ 53. Kd2 Ra2+ 54.
Ke3 Ra4 55. Rb6 Bf1 56. g3 Ra2 57. Bd2 Rc2 58. Rc6 Kf7 59. Rf6+ Ke7 60. Rxf1
Rxc4 61. Kxd3 Rg4 62. Rf6 h5 63. Rg6 Kf7 64. Rxg5 Rxg5 65. Bxg5 1-0

[Event "World Youth Girl U14 2016"]
[Site "Khanty-Mansiysk RUS"]
[Date "2016.09.28"]
[Round "6.34"]
[White "Khannanova, Lina"]
[Black "Kvamme, Ingrid Jodre"]
[Result "1-0"]
[WhiteElo "1397"]
[BlackElo "1450"]
[WhiteFideId "44131623"]
[BlackFideId "1516981"]
[EventDate "2016.09.22"]

1. c4 c5 2. e4 d6 3. Nc3 Nf6 4. g3 g6 5. Bg2 Bg7 6. h3 O-O 7. Nge2 Nc6 8. O-O
Bd7 9. d3 a6 10. Be3 Rb8 11. Rb1 b5 12. b3 bxc4 13. bxc4 Qc7 14. Qd2 Rfc8 15. f4
Rb6 16. g4 Rcb8 17. Rxb6 Qxb6 18. Rb1 Qa5 19. Rxb8+ Nxb8 20. g5 Ne8 21. Nd5 Qxd2
22. Bxd2 e6 23. Ne3 Nc6 24. Nc2 Nc7 25. h4 f5 26. Ng3 Nd4 27. Nxd4 Bxd4+ 28. Kf1
Ba4 29. exf5 exf5 30. h5 Bc2 31. Ke2 Ne6 32. Bb7 Bb1 33. a4 Bc2 34. a5 Nc7 35.
h6 Ba4 36. Nf1 Bd7 37. Ne3 Be6 38. Nd1 Kf8 39. Bc3 Bxc3 40. Nxc3 Ke8 41. Na4 Ke7
42. Nb6 Kd8 43. Ke3 Ke8 44. d4 Ke7 45. Kd3 Bd7 46. Kc3 Be6 47. Nd5+ Bxd5 48.
cxd5 cxd4+ 49. Kxd4 Kd7 50. Kc4 Kd8 51. Bxa6 Nxa6 52. Kb5 Nb8 53. Kb6 Kc8 54. a6
Nd7+ 55. Kc6 Nb8+ 56. Kb5 Kc7 57. a7 Kb7 58. axb8=Q+ Kxb8 59. Kc6 Kc8 60. Kxd6 1-0

[Event "World Youth Girl U14 2016"]
[Site "Khanty-Mansiysk RUS"]
[Date "2016.09.29"]
[Round "7.1"]
[White "Zotova, Anastasia"]
[Black "Zhu, Jiner"]
[Result "0-1"]
[WhiteTitle "WFM"]
[WhiteElo "2171"]
[BlackElo "2024"]
[WhiteFideId "34124907"]
[BlackFideId "8608059"]
[EventDate "2016.09.22"]

1. e4 c5 2. Nf3 d6 3. d4 Nf6 4. Nc3 cxd4 5. Nxd4 a6 6. f3 e6 7. Be3 Be7 8. Qd2
O-O 9. O-O-O Nc6 10. g4 Nxd4 11. Bxd4 b5 12. g5 Nd7 13. h4 Qc7 14. Kb1 b4 15.
Na4 a5 16. h5 Nc5 17. Bxc5 dxc5 18. Bc4 Rd8 19. Qe3 Bd7 20. b3 Bxa4 21. bxa4 Rd4
22. Bb5 Rad8 23. Rxd4 cxd4 24. Qd2 Qg3 25. g6 d3 26. gxf7+ Kf8 27. h6 Bf6 28.
hxg7+ Bxg7 29. cxd3 Qe5 30. Rxh7 Qa1+ 31. Kc2 Qxa2+ 32. Kd1 b3 33. Rxg7 Qa1+ 34.
Qc1 b2 0-1

[Event "World Youth Girl U14 2016"]
[Site "Khanty-Mansiysk RUS"]
[Date "2016.09.29"]
[Round "7.2"]
[White "Vantika, Agrawal"]
[Black "Maltsevskaya, Aleksandra"]
[Result "1/2-1/2"]
[WhiteElo "2012"]
[BlackElo "2319"]
[WhiteFideId "25050389"]
[BlackFideId "24174041"]
[EventDate "2016.09.22"]

1. d4 Nf6 2. Nf3 g6 3. g3 Bg7 4. Bg2 O-O 5. O-O d6 6. c4 Nbd7 7. Nc3 e5 8. e4
exd4 9. Nxd4 Nc5 10. h3 Re8 11. Re1 Bd7 12. Bf4 h6 13. Qc2 Nfxe4 14. Nxe4 Bxd4
15. Qd2 Bg7 16. Nxc5 dxc5 17. Rxe8+ Bxe8 18. Bxh6 Qxd2 19. Bxd2 Rd8 20. Bg5 Rd4
21. Re1 Bd7 22. b3 b6 23. Be3 Rd3 24. Be4 Rd6 25. Kg2 Bc3 26. Re2 Re6 27. Bf3
Re8 28. Bf4 Rxe2 29. Bxe2 c6 30. g4 Be6 31. Kg3 a6 32. h4 b5 33. Bd3 Kg7 34. Bd6
Bd4 35. f4 f6 36. g5 Bd7 37. Be4 Be6 38. Bd3 Bd7 39. Be4 Be6 40. Bd3 Bd7 41. Be7
f5 42. Be2 Be6 43. Bd6 Kh7 44. Kg2 Kg8 45. Kf1 Kh7 46. Ke1 Kg8 47. Kd1 Bf2 48.
Kd2 Bxh4 49. Bxc5 Kf7 50. cxb5 cxb5 51. Bf3 Bg3 52. Bd6 a5 1/2-1/2

[Event "World Youth Girl U14 2016"]
[Site "Khanty-Mansiysk RUS"]
[Date "2016.09.29"]
[Round "7.3"]
[White "Solozhenkina, Elizaveta"]
[Black "Salonika, Saina"]
[Result "1/2-1/2"]
[WhiteTitle "WFM"]
[BlackTitle "WCM"]
[WhiteElo "2320"]
[BlackElo "2093"]
[WhiteFideId "34106615"]
[BlackFideId "25013971"]
[EventDate "2016.09.22"]

1. e4 c5 2. Nf3 d6 3. d4 cxd4 4. Nxd4 Nf6 5. Nc3 g6 6. Be3 Bg7 7. f3 O-O 8. Qd2
Nc6 9. O-O-O d5 10. exd5 Nxd5 11. Nxc6 bxc6 12. Bd4 e5 13. Bc5 Be6 14. Ne4 Re8
15. h4 h6 16. Bc4 Qc7 17. g4 Red8 18. Qf2 Qa5 19. a3 Rd7 20. h5 g5 21. Rd2 Rb8
22. Bb3 Kh8 23. Rhd1 Qc7 24. Ba2 Rbd8 25. c4 Nf4 26. Rxd7 Rxd7 27. Bd6 Qb6 28.
Qxb6 axb6 29. Rd2 f5 30. Nf2 fxg4 31. fxg4 Ng2 32. Bb1 Ne3 33. b3 Nxg4 34. Nxg4
Bxg4 35. Bg6 Kg8 36. Be8 Rd8 37. Bxc6 Bxh5 38. Bd5+ Bf7 39. Bc7 Rd7 40. Bxb6 Bf8
41. Bxf7+ Rxf7 42. c5 Rf6 43. b4 Rc6 44. Re2 g4 45. Rxe5 g3 46. Re1 h5 47. Rg1
h4 48. Bd8 Bxc5 49. bxc5 Rxc5+ 50. Kb2 Rc4 51. Kb3 Rg4 52. Bxh4 Rxh4 53. Rxg3+
Kf7 54. Re3 Rh6 55. Kc4 Re6 56. Rd3 Ke7 57. Kc5 Re4 58. Kb5 Re5+ 59. Kc6 Re4 60.
Kb6 Re6+ 61. Kc7 Re4 62. Rc3 Ke6 63. Kb6 Kd7 64. Rc7+ Kd6 65. Rc8 Kd7 66. Rc3
Rh4 67. Kb7 Rd4 68. Rb3 Kd6 69. Rb4 Rd3 70. a4 Rh3 71. a5 Kc5 72. Rb1 Rh7+ 73.
Kb8 Rh8+ 74. Ka7 Kc6 75. a6 Rg8 76. Rb6+ Kc7 77. Rh6 Rg1 78. Rh2 Rc1 79. Rh7+
Kc8 80. Rh8+ Kc7 81. Rb8 Rc2 82. Ka8 Rc1 83. Rh8 Rc2 84. Ka7 Rc1 85. Rh7+ Kc8
86. Rb7 Rc2 87. Kb6 Rb2+ 88. Ka7 Rc2 89. Rb8+ Kc7 90. Ka8 Rc1 91. a7 Rc2 1/2-1/2

[Event "World Youth Girl U14 2016"]
[Site "Khanty-Mansiysk RUS"]
[Date "2016.09.29"]
[Round "7.4"]
[White "Badelka, Olga"]
[Black "Wang, Annie"]
[Result "1/2-1/2"]
[BlackTitle "WIM"]
[WhiteElo "2222"]
[BlackElo "2013"]
[WhiteFideId "13509926"]
[BlackFideId "2053900"]
[EventDate "2016.09.22"]

1. e4 e6 2. d4 d5 3. Nc3 Nf6 4. Bg5 dxe4 5. Nxe4 Be7 6. Bxf6 gxf6 7. Nf3 f5 8.
Nc3 a6 9. g3 b5 10. Bg2 Bb7 11. O-O c5 12. Re1 O-O 13. a4 cxd4 14. Nxd4 Bxg2 15.
Kxg2 b4 16. Nce2 Bf6 17. c3 bxc3 18. bxc3 Qc7 19. Rc1 Nd7 20. Kg1 Nc5 21. Nf4
Bg5 22. Qf3 Bxf4 23. gxf4 Kh8 24. Kh1 Qb7 25. Qxb7 Nxb7 26. Re3 Nc5 27. Nf3 Rg8
28. Ne5 Rg7 29. a5 Rd8 30. Rg3 Ne4 31. Rxg7 Kxg7 32. Kg2 Rd2 33. Kf3 Rxf2+ 34.
Ke3 Ra2 35. Nc6 Kf8 36. c4 Ke8 37. c5 Kd7 38. Ne5+ Kc7 39. Nxf7 Rxa5 40. Kd4 Ra2
41. Ke5 Rxh2 42. Kxe6 Ng3 43. Ra1 Rc2 44. Rxa6 Rxc5 45. Ne5 h5 46. Ra3 h4 47.
Ng6 Nh5 48. Nxh4 Nxf4+ 1/2-1/2

[Event "World Youth Girl U14 2016"]
[Site "Khanty-Mansiysk RUS"]
[Date "2016.09.29"]
[Round "7.5"]
[White "Priyanka, Nutakki"]
[Black "Serikbay, Assel"]
[Result "1/2-1/2"]
[BlackTitle "WFM"]
[WhiteElo "2070"]
[BlackElo "1996"]
[WhiteFideId "25049615"]
[BlackFideId "13706799"]
[EventDate "2016.09.22"]

1. d4 d5 2. c4 c6 3. Nc3 Nf6 4. Nf3 a6 5. cxd5 cxd5 6. Bf4 Nc6 7. Rc1 Ne4 8. Ne5
e6 9. Nxc6 bxc6 10. Nxe4 dxe4 11. a3 Bb7 12. e3 Be7 13. Be2 O-O 14. O-O Qb6 15.
Qc2 Rfc8 16. b4 a5 17. Rb1 axb4 18. axb4 Ba6 19. Bxa6 Rxa6 20. Rfc1 Qb5 21. Qxe4
Ra4 22. d5 Rxb4 23. d6 Rxe4 24. Rxb5 Bf8 25. Rb7 Ra4 26. h3 f6 27. d7 Rd8 28.
Rxc6 e5 29. Rc8 Ra8 30. Rbc7 Rxd7 31. Rxf8+ Kxf8 32. Rxd7 exf4 33. exf4 Ra4 34.
g3 Kg8 35. Kg2 h6 36. Kf3 Kh7 37. g4 Ra3+ 38. Kg2 Kg6 39. f3 Ra6 40. Kg3 Rb6 41.
h4 Ra6 42. g5 hxg5 43. fxg5 fxg5 44. hxg5 Kxg5 45. Rxg7+ Kf6 46. Rb7 Rc6 1/2-1/2

[Event "World Youth Girl U14 2016"]
[Site "Khanty-Mansiysk RUS"]
[Date "2016.09.29"]
[Round "7.6"]
[White "Antova, Gabriela"]
[Black "Ouellet, Maili-Jade"]
[Result "1-0"]
[WhiteTitle "FM"]
[BlackTitle "WCM"]
[WhiteElo "2253"]
[BlackElo "1992"]
[WhiteFideId "2915235"]
[BlackFideId "2620472"]
[EventDate "2016.09.22"]

1. d4 d5 2. c4 e6 3. Nc3 Nf6 4. cxd5 exd5 5. Bg5 Be7 6. e3 O-O 7. Bd3 h6 8. Bh4
b6 9. Nge2 Be6 10. O-O c5 11. dxc5 bxc5 12. Rc1 Nbd7 13. Qc2 Rc8 14. Rfd1 Qb6
15. b3 Rfd8 16. h3 Qb7 17. Bf5 Nf8 18. Qb1 Rd7 19. Bg3 Rcd8 20. Be5 Qb4 21. Nf4
g5 22. Bxe6 fxe6 23. Nxe6 Nxe6 24. Qg6+ Ng7 25. Bxf6 Bxf6 26. Qxf6 Rd6 27. Qf3
d4 28. Ne4 Rf8 29. Qe2 Rd5 30. exd4 cxd4 31. Rc6 Qe7 32. Rxh6 Rf4 33. Nf6+ Rxf6
34. Qxe7 Rxh6 35. Qxa7 Rhd6 36. b4 d3 37. Rd2 Ne6 38. Kf1 Rd4 39. a3 Rc4 40. g3
Rc2 41. Qe3 Rxd2 42. Qxd2 Kf7 43. a4 Kg6 44. f3 Kf5 45. Ke1 Ke5 46. Qe3+ Kf6 47.
b5 Rd5 48. Kd1 Nc5 49. h4 gxh4 50. Qh6+ Ke5 51. Qf4+ Ke6 52. Qxh4 Nb3 53. Qe4+
Kd6 54. Qb4+ Nc5 55. a5 d2 56. b6 Kc6 57. b7 Nd3 58. Qb6+ 1-0